000
00336nam a2200145Ia 4500
008
150301s2015 xx 000 0 und d
082
_a
610.72
_b
R12K
100
_a
KUMAR, RANJIT
245
_a
RESEARCH METHODOLOGY
250
_a
11TH
260
_b
PEARSON EDU. ASSTRALIA
300
_a
352
650
_a
PHARMACEUTICS
942
_2
ddc
_c
BK
999
_c
7362
_d
7362